First steps toward assessment of resistance to miserly processing

Uložené v:
Podrobná bibliografia
Hlavný autor: Čavojová, Vladimíra
Ďalší autori: Hanák, Róbert, 1979-
Médium: Kapitola
Jazyk:English
Tagy: Pridať tag
Žiadne tagy, Buďte prvý, kto otaguje tento záznam!

MARC

LEADER 00000naa$a2200000$$$4500
001 0229599
005 20240502083618.1
041 0 |a eng 
044 |a GB 
245 1 0 |a First steps toward assessment of resistance to miserly processing  |c Vladimíra Čavojová, Róbert Hanák 
500 |a Abstrakt 
100 1 |a Čavojová, Vladimíra 
700 1 |a Hanák, Róbert, 1979-